| 000 | 00391nam a22001697a 4500 | ||
|---|---|---|---|
| 003 | OSt | ||
| 005 | 20211129110313.0 | ||
| 008 | 211129b |||||||| |||| 00| 0 eng d | ||
| 020 | _a031323468 | ||
| 040 | _cHU | ||
| 082 | _a371.967/BER | ||
| 100 |
_aMAURICE R. BERUBE _920906 |
||
| 245 | _aEDUCATION AND POVERTY | ||
| 260 |
_aAMERICA _bGP _c1984 |
||
| 300 | _a163P | ||
| 942 |
_2ddc _cBOOKS _n0 |
||
| 999 |
_c20525 _d20525 |
||